Universal transverse mercator grid tables (Record no. 113204)

MARC details
000 -LEADER
fixed length control field 00588cam a22001935a 4500
001 - CONTROL NUMBER
control field E154859
008 - FIXED-LENGTH DATA ELEMENTS--GENERAL INFORMATION
fixed length control field 120124s1958 xxk f 000 0 eng d
035 ## - SYSTEM CONTROL NUMBER
System control number (Sirsi) u154859
041 0# - LANGUAGE CODE
Language code of text/sound track or separate title eng
050 04 - LIBRARY OF CONGRESS CALL NUMBER
Classification number 522.29 $2 18
110 2# - MAIN ENTRY--CORPORATE NAME
Corporate name or jurisdiction name as entry element War Office
9 (RLIN) 3243
245 00 - TITLE STATEMENT
Title Universal transverse mercator grid tables
Remainder of title for the International, Clarke 1866, Bessel and Everest Spheroids
260 ## - PUBLICATION, DISTRIBUTION, ETC.
Place of publication, distribution, etc. [London]
Name of publisher, distributor, etc. War Office
Date of publication, distribution, etc. 1958
300 ## - PHYSICAL DESCRIPTION
Extent unpaged
Dimensions 34cm.
520 ## - SUMMARY, ETC.
Summary, etc. Prepared by the Directorate of Military Survey.
651 #4 - SUBJECT ADDED ENTRY--GEOGRAPHIC NAME
Geographic name International
690 ## - LOCAL SUBJECT ADDED ENTRY--TOPICAL TERM (OCLC, RLIN)
Topical term or geographic name as entry element Measurement
9 (RLIN) 6256
942 ## - ADDED ENTRY ELEMENTS (KOHA)
Suppress in OPAC 0
Holdings
Withdrawn status Lost status Source of classification or shelving scheme Damaged status Not for loan Home library Current library Shelving location Date acquired Total Checkouts Full call number Barcode Date last seen Copy number Price effective from Koha item type
    Dewey Decimal Classification     London London Basement 24/01/2012   RESERVE 30013837 06/08/2019 1 06/08/2019 Book